000 00704cam a2200229 4500
008 090401t1997 xxu||||| |||| 00| 0 eng d
020 _a1873394217
035 _a(Sirsi) u48495
041 _aeng
050 _a690.241
110 _aEnglish Heritage
_92714
245 4 _aThe English heritage directory of building limes : manufacturers and suppliers of building limes in the United Kingdom and the Republic of Ireland.
260 _aDonhead St. Mary, Dorset
_bDonhead Publishing Ltd.
_c1997
300 _a60p. ; 25cm.
350 _a12.95
650 _aBUILDING LIMES
650 _aDIRECTORIES
650 _aHISTORIC BUILDINGS
690 _aCONSERVATION
942 _n0
948 _c04/03/1997
999 _c92348
_d92348